| 000 | 005190000a22001570004500 | ||
|---|---|---|---|
| 003 | MACL | ||
| 005 | 20170919153304.0 | ||
| 008 | 170919b xxu||||| |||| 00| 0 eng d | ||
| 040 | _cmacl | ||
| 100 |
_a शर्मा, अनुराग _914166 |
||
| 245 | _aभारत की महान विभूतिया | ||
| 260 |
_b प्वाइण्ट पब्लिकेशन _c2007 |
||
| 350 | _a30 | ||
| 650 |
_a चिल्ड्रन्स बुक, _968548 |
||
| 942 |
_cHIN _k741.642 _2ddc |
||
| 999 |
_c18713 _d18713 |
||